European Union and the Republic of Korea – the FTA sectoral assessment
Dohoda o voľnom obchode medzi EÚ a Južnou Kóreou - The Free Trade Area (FTA) - ako prvá obchodná dohoda s ázijskou krajinou. Najviac diskutované odvetvia obchodu EÚ s Južnou Kóreou: motorové vozidlá, textilný a potravinársky priemysel, strojníctvo a výrobu zdravotníckych pomôcok. Analýza očakávanéh...
Enregistré dans:
| Auteur principal: | |
|---|---|
| Autres auteurs: | |
| Format: | Chapitre de livre |
| Langue: | anglais |
| Sujets: | |
| Tags: |
Pas de tags, Soyez le premier à ajouter un tag!
|
MARC
| LEADER | 00000nla a2200000 4500 | ||
|---|---|---|---|
| 001 | 0239467 | ||
| 005 | 20240502073859.6 | ||
| 041 | 0 | |a eng | |
| 044 | |a SK | ||
| 245 | 1 | 0 | |a European Union and the Republic of Korea – the FTA sectoral assessment |
| 520 | |a Dohoda o voľnom obchode medzi EÚ a Južnou Kóreou - The Free Trade Area (FTA) - ako prvá obchodná dohoda s ázijskou krajinou. Najviac diskutované odvetvia obchodu EÚ s Južnou Kóreou: motorové vozidlá, textilný a potravinársky priemysel, strojníctvo a výrobu zdravotníckych pomôcok. Analýza očakávaného vplyvu dohody o voľnom obchode po niekoľkých rokoch. | ||
| 610 | 2 | 0 | |a Kórea |
| 610 | 2 | 0 | |a Európska únia |
| 610 | 2 | 0 | |a dohody obchodné medzinárodné |
| 610 | 2 | 0 | |a rovnováha trhová |
| 610 | 2 | 0 | |a dovoz |
| 100 | 1 | |a Gardoňová, Kristína | |
| 700 | 1 | |a Prno, Róbert | |